000
00338nam a2200145 4500
999
_c
9545
_d
9545
003
OSt
005
20210702125701.0
008
210702b ||||| |||| 00| 0 eng d
020
_a
9789881668851
082
_a
741.6
100
_a
Mo Tingli and Li Jiong
245
_a
Way of the sign III
260
_b
Artpower
_c
Nov 16, 2013
942
_2
ddc